000 00861nam a2200253Ia 4500
003 OSt
005 20220925194307.0
006 a|||||r|||| 00| 0
007 ta
008 220923b |||||||| |||| 00| 0 eng d
020 _a9780674048132
_c944.73000000000002
037 _b1030277, 09/03/2016, Atlantic Publisher & Distributers
_cGeneral Book
040 _aRTL
_cRTL
_beng
041 _2eng
_aeng
082 _aX:75, Q2
100 _aBURGIN Angus
_9250851
245 0 _aGreat persuasion
_b Reinventing free markets since the depression
260 _aCambridge
_bHarvard University Press
_c2012
300 _a303p
_ccm.
490 _aIndia Studies in Business and Economics
650 _aEconomics
942 _hX:75, Q2
_cGB
_2CC
999 _c528931
_d528931